Rulers of the Kingdom of Hawaii - Statistics

General Stats
  • This quiz has been taken 148 times
    147 since last reset
  • The average score is 3 of 14
Answer Stats
Hint Answer % Correct
1782-1819 Kamehameha I
96%
1891-1893 Lydia Liliʻuokalani
50%
1874-1891 David Kalākaua
33%
1873-1874 William Charles Lunalilo
22%
1855-1863 Alexander Liholiho (Kamehameha IV)
21%
1819-1824 Liholiho (Kamehameha II)
21%
1863-1872 Lot Kapuāiwa (Kamehameha V)
16%
1819-1832 Elizabeth Kaʻahumanu I
14%
1825-1854 Kauikeaouli (Kamehameha III)
13%
1855-1863 Victoria Kamāmalu (Kaʻahumanu IV)
6%
1863-1864 Mataio Kekūanāoʻa
4%
1832-1839 Elizabeth Kīnaʻu (Kaʻahumanu II)
3%
1810-1857 Keoni Ana
2%
1839-1845 Miriam Kekāuluohi (Kaʻahumanu III)
1%
No matching quizzes found
Score Distribution
Percent of People with Each Score
Percentile by Number Answered
Your Score History
You have not taken this quiz since the last reset